书目信息 |
| 题名: |
生物质能源利用技术
|
|
| 作者: | 张建安 , 刘德华 主编 | |
| 分册: | ||
| 出版信息: | 北京 化学工业出版社 2009 |
|
| 页数: | 193页 | |
| 开本: | 24cm | |
| 丛书名: | ||
| 单 册: | ||
| 中图分类: | TK6 | |
| 科图分类: | ||
| 主题词: | 生物能源--能源利用 , 生物能源 , 能源利用 | |
| 电子资源: | ||
| ISBN: | 978-7-122-03898-2 | |
| 000 | 00888nam0 2200253 45 | |
| 005 | 20100303150139.73 | |
| 010 | @a978-7-122-03898-2@dCNY38.00 | |
| 100 | @a20090525d2009 ekmy0chiy0120 ea | |
| 101 | 0 | @achi |
| 102 | @aCN@b110000 | |
| 105 | @aa z 000yy | |
| 106 | @ar | |
| 200 | 1 | @a生物质能源利用技术@ASheng Wu Zhi Neng Yuan Li Yong Ji Shu@f张建安,刘德华主编@FZhang Jian An, Liu De Hua Zhu Bian |
| 210 | @a北京@c化学工业出版社@d2009 | |
| 215 | @a193页@c图@d24cm | |
| 330 | @a本书共分11章,在介绍国内外生物质能源开发利用研究的基础上,结合当今世界生物质能领域的研究发展现状,概述了生物质、生物质能源及生物质能转化利用技术。 | |
| 606 | 0 | @a生物能源@x能源利用 |
| 606 | 0 | @a生物能源 |
| 606 | 0 | @a能源利用 |
| 690 | @aTK6@v4 | |
| 701 | 0 | @a张建安@AZhang Jian An@4主编 |
| 701 | 0 | @a刘德华@ALiu De Hua@4主编 |
| 801 | 0 | @aCN@bTANGWEI@c20100303 |
| 905 | @b0584249-53@dTK6@e101@f5 | |
| 生物质能源利用技术/张建安,刘德华主编.-北京:化学工业出版社,2009 |
| 193页:图;24cm |
| ISBN 978-7-122-03898-2:CNY38.00 |
| 本书共分11章,在介绍国内外生物质能源开发利用研究的基础上,结合当今世界生物质能领域的研究发展现状,概述了生物质、生物质能源及生物质能转化利用技术。 |
| ● |
| 相关链接 |
|
|
|
|
正题名:生物质能源利用技术
索取号:TK6/101
 
预约/预借
| 序号 | 登录号 | 条形码 | 馆藏地/架位号 | 状态 | 备注 |
| 1 | 0584249 | 205842490 | 第二样本阅览室/ [索取号:TK6/101] | 在馆 | |
| 2 | 0584250 | 205842506 | 第三借阅区/ [索取号:TK6/101] | 在馆 | |
| 3 | 0584251 | 205842515 | 第三借阅区/ [索取号:TK6/101] | 在馆 | |
| 4 | 0584252 | 205842524 | 第三借阅区/ [索取号:TK6/101] | 在馆 | |
| 5 | 0584253 | 205842533 | 密集书库-生命科学系/ [索取号:TK6/101] | 在馆 |